Normal view
MARC view
- Ahmed Khan, Waasay
Entry Personal Name
001 - CONTROL NUMBER
- control field: 26575
003 - CONTROL NUMBER IDENTIFIER
- control field: NUST
005 - DATE AND TIME OF LATEST TRANSACTION
- control field: 20191209103027.0
008 - FIXED-LENGTH DATA ELEMENTS
- fixed length control field: 191209|| aca||aabn | a|a d
040 ## - CATALOGING SOURCE
- Original cataloging agency: NUST
- Transcribing agency: NUST
100 ## - HEADING--PERSONAL NAME
- Personal name: Ahmed Khan, Waasay
670 ## - SOURCE DATA FOUND
- Source citation: Work cat.: (NUST): Ahmed Khan, Waasay, Effect of GRM (Customer Relationship Management) Feedback on Improving the Supply Chain And Organizational Performance / , 2016.
